| 000 | 00653nam a2200253Ia 4500 | ||
|---|---|---|---|
| 003 | OSt | ||
| 005 | 20221006160758.0 | ||
| 006 | a|||||r|||| 00| 0 | ||
| 007 | ta | ||
| 008 | 221006b |||||||| |||| 00| 0 eng d | ||
| 020 |
_a9788970924335 _c _50.00 |
||
| 024 | _a46,320 | ||
| 037 | _cTextual | ||
| 040 |
_aEASL _cEASL _beng |
||
| 041 |
_2eng _aeng |
||
| 082 | _aN495, P9;1 | ||
| 100 |
_aJAE-OH Na _9675039 |
||
| 245 | 0 | _aReimagining the Korean face | |
| 260 |
_aSeoul _bDankook Unversity Press Korea _c2009 |
||
| 300 |
_a309p. _ccm. |
||
| 490 | _v KEL | ||
| 942 |
_hN495, P9;1 _cTEXL _2CC |
||
| 999 |
_c1114412 _d1114412 |
||